Music Quiz

Random Music or Artist Quiz

Musical Groups Named For Members Quiz Stats

Quiz Updated Nov 24, 2015

Also try: Surname Bands
Challenge
Share
Tweet
Embed
Score 0/20 Timer 04:00
4 Plays Today
% Correct
The Jackson 5
95.5%
The Allman Brothers Band
94.9%
The Everly Brothers
90.9%
The Carpenters
87%
Van Halen
85.8%
Fleetwood Mac
83.4%
The Alan Parsons Project
81.9%
Bachman–Turner Overdrive
80.2%
Wilson Phillips
77.1%
Captain and Tennille
75.8%
% Correct
Mike + The Mechanics
74.4%
The Pointer Sisters
74.3%
The Brothers Johnson
72.5%
Nelson
63%
The White Stripes
62.2%
DeBarge
55.7%
Guns N' Roses
44.4%
Sister Sledge
43.9%
Winger
31.5%
Slaughter
19.4%

You're not logged in!

Compare scores with friends on all Sporcle quizzes.
Sign Up with Email
OR
Log In

You Might Also Like...

Show Comments

Extras

Top Quizzes Today


Score Distribution

Your Account Isn't Verified!

In order to create a playlist on Sporcle, you need to verify the email address you used during registration. Go to your Sporcle Settings to finish the process.